Metal / Rock Album Covers - Statistics

General Stats
  • This quiz has been taken 219 times
  • The average score is 33 of 108
Answer Stats
Picture Answer % Correct
Master Of Puppets
85%
Ride The Lightning
78%
Nevermind
77%
Toxicity
77%
Paranoid
72%
The Dark Side Of The Moon
72%
And Justice for All
71%
American Idiot
69%
Californication
69%
Dookie
66%
Metallica
66%
Hybrid Theory
62%
Highway to Hell
61%
Led Zeppelin
61%
The Number of the Beast
61%
Black Sabbath
59%
Cowboys from Hell
59%
Appetite For Destruction
58%
Slipknot
55%
Vulgar Display of Power
55%
Dirt
54%
Follow the Leader
54%
Meteora
54%
Ace of Spades
52%
Iowa
52%
Rust in Peace
52%
Painkiller
47%
Fear of the Dark
46%
Hypnotize
46%
Korn
45%
Ramones
45%
Powerslave
42%
Reign In Blood
42%
Holy Diver
40%
Dr. Feelgood
39%
Van Halen
39%
Led Zeppelin IV
37%
Use Your Illusion I
37%
A Night At The Opera
36%
British Steel
35%
Master Of Reality
32%
Mutter
32%
blink-182
31%
Hysteria
31%
Nightmare
31%
The Grey Chapter
31%
Hail to the King
30%
No More Tears
30%
Countdown To Extinction
29%
Sempiternal
29%
Youthanasia
29%
Aerosmith
28%
Avenged Sevenfold
28%
Dirty Deeds Done Dirt Cheap
28%
The Colour And The Shape
28%
The Sickness
27%
All Hope Is Gone
26%
High Voltage
26%
Chocolate Starfish And The Hot Dog Flavored Water
25%
Enema Of The State
25%
Fallen
24%
Girls, Girls, Girls
21%
Sehnsucht
21%
City of Evil
19%
Infest
18%
Let There Be Rock
18%
Overkill
18%
Reise, Reise
18%
Shout At The Devil
18%
The Poison
18%
That's The Spirit
16%
One-X
15%
The Great War
15%
The Works
15%
Does This Look Infected?
14%
Herzeleid
14%
All Killer, No Filler
13%
Eliminator
13%
Hellbilly Deluxe
12%
All the Right Reasons
11%
Trash
11%
Holy Hell
10%
And I Return To Nothingness
9%
Ascendancy
9%
Disguise
9%
Homesick
9%
Ire
9%
THE DEATH OF PEACE OF MIND
9%
As Daylight Dies
8%
Fever
8%
For Those That Wish To Exist
8%
Got Your Six
8%
The Art of War
8%
Horizons
7%
Once
7%
Berserker
6%
Crazy World
6%
Stand Up And Scream
6%
Asking Alexandria
5%
Deep Blue
5%
Disgusting
5%
Lifelines
5%
Atlas
4%
Crystals
4%
Disease
4%
Let the Ocean Take Me
4%
Shaped by Fire
4%
E.I.N.S.
2%
No matching quizzes found
Score Distribution
Percent of People with Each Score
Percentile by Number Answered
Your Score History
You have not taken this quiz